00609nam a22002057a 450000500170000001000320001702000260004903500130007503500170008803700130010503700270011808200060014510000180015124500740016926000450024327000440028830000210033250000400035365000100039320100811152850.0 aENG-99548 B-424923-953 a9789380190167c700.00 aEN-83080 aB-424923-953 bDBAD/PUB bResearchco Book Centre aS aSharma, Disha aShort stories R.K. Nrayan :bthemes and techniques /cby Disha Sharma aNew DelhibSatyam Publishing Housec2010 aN-3/25, Mohan GardenbNew Delhie110059 a272p.c22cm (Hb) aIncludes bibliographical references aStory